Migranti a remitendy v priestore EÚ a na Slovensku – problémy, alebo zdroje ekonomického rastu
Migrácia v krajinách EÚ a na Slovensku – jej aktuálny stav a perspektívne riešenie. Migranti, remitendy a očakávané sociálno-ekonomické efekty. Odlev remitend - hostiteľská krajina, prílev remitend - materská krajina. Skupina V4 a postavenie Slovenska – remitendy. Remitendy ako faktor ekonomického r...
Salvato in:
| Autore principale: | |
|---|---|
| Natura: | Capitolo di libro |
| Lingua: | inglese |
| Soggetti: | |
| Tags: |
Nessun Tag, puoi essere il primo ad aggiungerne!!
|
MARC
| LEADER | 00000naa a2200000 4500 | ||
|---|---|---|---|
| 001 | 0272194 | ||
| 005 | 20210226103825.9 | ||
| 041 | 0 | |a eng | |
| 044 | |a SK | ||
| 245 | 1 | 0 | |a Migranti a remitendy v priestore EÚ a na Slovensku – problémy, alebo zdroje ekonomického rastu |c Ladislav Kabát |
| 520 | |a Migrácia v krajinách EÚ a na Slovensku – jej aktuálny stav a perspektívne riešenie. Migranti, remitendy a očakávané sociálno-ekonomické efekty. Odlev remitend - hostiteľská krajina, prílev remitend - materská krajina. Skupina V4 a postavenie Slovenska – remitendy. Remitendy ako faktor ekonomického rastu. | ||
| 610 | 2 | 0 | |a migrácia |
| 610 | 2 | 0 | |a remitencie |
| 610 | 2 | 0 | |a Slovensko |
| 610 | 2 | 0 | |a Európska únia |
| 100 | 1 | |a Kabát, Ladislav | |